00333nam a2200145Ia 4500008004100000020001500041041001200056082001600068100001700084245003000101250000800131260002500139300000800164650001500172221030s9999 xx 000 0 und d a0070581177 aEnglish a105.23bArr aL. Arredondo 0aCommunicating Effectively a6th bTMHaNew Delhic2003 a228 aManagement